Southville International School and Colleges
Your cart is empty.
  • Cart
  • Lists
    Public lists Eva Luna New books Lux_list list_1
    Your lists Log in to create your own lists
  • Log in to your account
  • Your cookies
  • Search history
Southville International School and Colleges
  • Advanced search
  • Recent comments
  • Most popular
  • Libraries

Log in to your account

Log in with GOOGLE


If you do not have an external account, but do have a local account, you can still log in:

  1. Home
  2. MARC view: Physiology of behavior /
Normal view MARC view ISBD view

Physiology of behavior / (Record no. 357583)

[ view plain ]
MARC details
000 -LEADER
fixed length control field 00561nam a2200217Ia 4500
008 - FIXED-LENGTH DATA ELEMENTS--GENERAL INFORMATION
fixed length control field 180523s9999 xx 000 0 und d
020 ## - INTERNATIONAL STANDARD BOOK NUMBER
International Standard Book Number 0-205-66627-2
050 ## - LIBRARY OF CONGRESS CALL NUMBER
Classification number MAIN QP 360
050 ## - LIBRARY OF CONGRESS CALL NUMBER
Item number .C37 2010
100 ## - MAIN ENTRY--PERSONAL NAME
Personal name Carlson, Neil R.
245 #0 - TITLE STATEMENT
Title Physiology of behavior /
245 #0 - TITLE STATEMENT
Statement of responsibility, etc Neil R. Carlson.
250 ## - EDITION STATEMENT
Edition statement 10th Edition
260 ## - PUBLICATION, DISTRIBUTION, ETC. (IMPRINT)
Place of publication, distribution, etc Boston :
260 ## - PUBLICATION, DISTRIBUTION, ETC. (IMPRINT)
Name of publisher, distributor, etc Allyn & Bacon,
260 ## - PUBLICATION, DISTRIBUTION, ETC. (IMPRINT)
Date of publication, distribution, etc 2010
300 ## - PHYSICAL DESCRIPTION
Extent 730 pages :
300 ## - PHYSICAL DESCRIPTION
Other physical details colored illustrations ;
300 ## - PHYSICAL DESCRIPTION
Dimensions 28 cm.
500 ## - GENERAL NOTE
General note Includes bibliographical references and index.
Holdings
Withdrawn status Lost status Damaged status Home library Current library Shelving location Date acquired Cost, normal purchase price Total Checkouts Full call number Barcode Date last seen Price effective from Koha item type
      South Mansfield College South Mansfield College   02/14/2011 4.00   MAIN QP 360 .C37 2010 SMC05400 05/23/2018 05/23/2018  

Physiology of behavior /

APA

Carlson N. R., .Physiology of behavior. Boston: .

Chicago

Carlson Neil R, .Physiology of behavior. Boston: .

Harvard

Carlson N. R., .Physiology of behavior. Boston: .

MLA

Carlson Neil R, .Boston: . .

  • Place hold
  • Print
  • Cite
  • Add to your cart (remove)
  • Save record
    BIBTEX Dublin Core MARCXML MARC (non-Unicode/MARC-8) MARC (Unicode/UTF-8) MARC (Unicode/UTF-8, Standard) MODS (XML) RIS
  • More searches
    Search for this title in:
    Other Libraries (WorldCat) Other Databases (Google Scholar) Online Stores (Bookfinder.com) Open Library (openlibrary.org)

Exporting to Dublin Core...

SOUTHVILLE LIBRARY

Southville International School and Colleges Library

1281 Tropical Ave. Cor. Luxembourg St., BF Homes International, Las Pinas City

Tel. No. 8256374 / 252358 Loc. 117/146

Powered by Koha